Statistics for FC Bayern München Squad 2020-2021

Click here to take the quiz!

General Stats

  • This quiz has been taken 159 times
    (128 since last reset)
  • The average score is 19 of 28

Answer Stats

#PositionNationPlayer% Correct
1GKGermanyManuel Neuer
99%
9FWPolandRobert Lewandowski
97%
6MFGermanyJoshua Kimmich
93%
19DFCanadaAlphonso Davies
88%
5DFFranceBenjamin Pavard
88%
7FWGermanySerge Gnabry
88%
29FWFranceKingsley Coman
87%
10FWGermanyLeroy Sané
87%
27DFAustriaDavid Alaba
86%
18MFGermanyLeon Goretzka
83%
21DFFranceLucas Hernández
83%
25FWGermanyThomas Müller
83%
4DFGermanyNiklas Süle
79%
17DFGermanyJérôme Boateng
77%
13FWCameroonEric Maxim Choupo-Moting
76%
42MFEnglandJamal Musiala
74%
8MFSpainJavi Martínez
69%
24MFFranceCorentin Tolisso
67%
-CoachGermanyHans-Dieter Flick
67%
11FWBrazilDouglas Costa
64%
20DFFranceBouna Sarr
46%
22MFSpainMarc Roca
46%
35GKGermanyAlexander Nübel
43%
14FWNetherlandsJoshua Zirkzee
38%
41DFUnited StatesChris Richards
36%
23DFFranceTanguy Nianzou Kouassi
36%
39GKGermanyRon-Thorben Hoffmann
23%
28MFPortugalTiago Dantas
16%

Score Distribution

Percentile by Number Answered

Percent of People with Each Score

Your Score History

You have not taken this quiz since the last reset